000 00863nam a22002417a 4500
005 20110908145123.0
008 110908t xxu||||| |||| 00| 0 eng d
010 _aENG-103796
020 _c150.00
035 _aEN-87329
037 _bDBAD/PUB
040 _aDPL
_bEng
082 _a230.1
100 1 _934669
245 1 4 _aAncient Hindu law and administration in epics :
_cedited by M.N.Joshi...[et al]
_bthe Ramayana and the Mahabharata /
260 _aDharwad
_bKarnatak University
_c2007
270 _aRegistrar Karnatak University
_bDharwad
_e580003
300 _axvi,215p.
_c22cm (Hb)
650 0 _934671
700 _934736
_aJoshi,M.N.
942 _2ddc
_cEN
_mANC
_h230.1
999 _c56628
_d56628